Normal view
MARC view
Entry Personal Name
001 - CONTROL NUMBER
- control field: 22305
003 - CONTROL NUMBER IDENTIFIER
- control field: dpl
005 - DATE AND TIME OF LATEST TRANSACTION
- control field: 20100929113004.0
008 - FIXED-LENGTH DATA ELEMENTS
- fixed length control field: 100929|||a|||||| | ||| d
040 ## - CATALOGING SOURCE
- Original cataloging agency: dpl
- Transcribing agency: dpl
100 ## - HEADING--PERSONAL NAME
- Personal name: चित्रे, दिलिप पुरूषोत्तम
670 ## - SOURCE DATA FOUND
- Source citation: Work cat.: (dpl)43438: चित्रे, दिलिप पुरूषोत्तम, तिरकस आणि चोकस /, 2010
670 ## - SOURCE DATA FOUND
- Source citation: Work cat.: (dpl)43438: चित्रे, दिलिप पुरूषोत्तम, तिरकस आणि चोकस /, 2010
